| 000 | 00545cam a22002171 4500 | ||
|---|---|---|---|
| 001 | sa 66001638 | ||
| 003 | DLC | ||
| 005 | 20260227112223.0 | ||
| 008 | 881102s1956 xx 000 0 hino | ||
| 010 | _asa 66001638 | ||
| 035 | _a(OCoLC)23548195 | ||
| 040 |
_aDLC _cMiU _dDLC |
||
| 042 | _apremarc | ||
| 050 | 0 | 0 |
_aPK2077 _b.T3 |
| 100 | 1 |
_aTandon, Kishori Raman, _d1914- _eed. |
|
| 245 | 1 | 0 | _aŚreshṭha hāsya kathāem̐. |
| 260 | _c[1956] | ||
| 300 |
_a239 p. _billus. _c23 cm. |
||
| 500 | _aRomanized. | ||
| 650 | 0 | _aShort stories, Hindi | |
| 999 |
_c67897 _d67897 |
||